| 000 | 01515nam a2200337 i 4500 | ||
|---|---|---|---|
| 001 | 190531 | ||
| 003 | ES-MaACL | ||
| 005 | 20250724221245.0 | ||
| 008 | 210819s2010 mx 001 0 spa d | ||
| 020 | _a978-607-7798-15-6 | ||
| 080 | _a821.134.2(72) Rulfo, Juan 1.07 | ||
| 080 | _a821.134.2(72) Arreola, Juan José 1.07 | ||
| 100 | 1 |
_aVázquez, Felipe. _9166674 |
|
| 245 | 1 | 0 |
_aRulfo y Arreola : _bdesde los márgenes del texto / _cFelipe Vázquez. |
| 250 | _a1ª ed. | ||
| 260 |
_aBenito Juaréz, DF [México] : _bUACM, Universidad Autónoma de la Ciudad de México, _c2010. |
||
| 300 |
_a293 p. ; _c22 cm. |
||
| 490 | 1 | _aAl margen | |
| 504 | _aBibliografía: p. 271-290. | ||
| 505 | 8 | _aContiene: Arreola y el género varia invención ; Francisco A. Flores, Juan José Arreola y "El himen en México" ; Rulfo y los avatares de la edición crítica ; Rulfo y Arreola: de la fraternidad a la discordia | |
| 600 | 1 | 4 |
_aRulfo, Juan ( _d1917-1986)- _xCrítica e interpretación. _9173453 |
| 600 | 1 | 4 |
_aArreola, Juan José- _xCrítica e interpretación. _9173351 |
| 600 | 1 | 4 |
_aFlores y Troncoso, Francisco de Asís, _dca. 1855-1931 _9173352 |
| 710 | 2 |
_aUniversidad Autónoma de la Ciudad de México. _9173353 |
|
| 830 | 1 |
_aAl margen _9177798 |
|
| 852 | 4 |
_aES-MaACL _jA-14739 _9 197709 _bR.151767 _cDEPO1 _dOlim: N-7739 _hDonación: Raúl Morales |
|
| 903 |
_9166683 _aMorales Góngora, Raúl _ednr |
||
| 942 |
_2udc _cMONOGRAFIA |
||
| 999 |
_c190531 _d190531 |
||